00712 2200241 4500001002100000005001700021008004100038020001800079035002500097082001100122090002000133100001900153245009200172250001100264260003300275300003600308440002900344650002500373700002400398850001200422990001800434990001800452YOGYA-0209000003821120150703091004.0 ind  a979-3034-49-1 a0010-020900000038211 a745.54 aT 745.54bAbi M aABIDIN, Zainal aMembuat aneka kreasi paper tolecpenulis, Zainal Abidin; penyunting, Seno Teguh Pribadi aCet. 1 aJakartabKawan Pustakac2004 aviii, 47 hlm. :bilus. ;c23 cm aMemanfaatkan waktu luang aKerajinan paper tole aPribadi, Seno Teguh aYOPDYOG a10195-PD/B.05 a10196-PD/B.05